Devinez le Pays Mystère #29 - Statistiques

Statistiques générales
  • Ce quiz a été pris 760 fois
  • Le résultat moyen est 9 sur 15
Statistiques - réponses
Type de Réponse Réponse % Correct
Lettre Trouvée A
95%
Lettre Trouvée N
95%
Lettre Trouvée I
94%
Lettre Bien Placée I
67%
Lettre Trouvée T
63%
Lettre Trouvée A
57%
Lettre Bien Placée A
55%
Lettre Bien Placée A
47%
Lettre Bien Placée T
46%
Lettre Trouvée C
45%
Lettre Trouvée V
45%
Lettre Bien Placée N
42%
Lettre Bien Placée V
38%
Lettre Bien Placée C
37%
Pays Mystère Vatican
37%
Aucun quiz correspondant
Distribution des résultats
% des personnes avec chaque résultat
Percentile par nombre de réponses
Votre historique - résultats
Vous n’avez pas pris ce quiz